000 00308nam a2200145Ia 4500
100 _aRangnekar Sharu
650 _aCOMMU.SKILLS
942 _cBK
366 _f20
245 _aSOFT SKILLS MANAGENMENT
260 _bShroff Publ.
_aMumbai
_c2011
082 _a371.2/RAN
300 _a130
546 _aENGLISH
999 _c23869
_d23869